000 00653nam a2200193 a 4500
003 0
005 20250214163312.0
008 130827s19uu xx 00 eng d
050 _aPGS GV 1469.15
_b.L477 2013
100 _aLee, Jung Tae.
245 _aComputer games and study habits /
_cJung Tae Lee.
260 _aLas PiƱas City, Philippines :
_b Southville International School and Colleges,
_c2013.
300 _a28 pages :
_billustrations ;
_c28 cm.
504 _aIncludes bibliographical references.
650 _aVideo games
_vPsychological aspects.
650 _aStudy habits.
650 _aComputer games and children.
942 _2lcc
_cPASS
999 _c98983
_d98983